000 00503nam a2200169 i 4500
001 22187
003 ES-MaACL
005 20230906152639.0
007 t|
008 030131s1918 it ||||1| ita d
110 1 _aItalia.
_bEsercito.
_9173440
245 1 3 _aLa battaglia dall'Astico al mare :
_b(15 giugno - 6 luglio 1918).
260 _a[S.l. :
_bs.n.,
_c1918]
300 _a10 p., [2] h. de mapas ;
_c31 cm.
650 4 _aGuerra mundial, 1914-1918-
_zItalia.
_9156091
852 _aES-MaACL
_j1537-F-15
999 _c22187
_d22187